Convenciones de derecho internacional privado./ (Registro nro. 7952)

Detalles MARC
000 -LEADER
fixed length control field 01458nam a2200205Ia 4500
005 - FECHA Y HORA DE LA ÚLTIMA TRANSACCIÓN
control field 20230426184538.0
008 - FIXED-LENGTH DATA ELEMENTS--GENERAL INFORMATION
fixed length control field 230425s9999 xx 000 0 und d
040 ## - CATALOGING SOURCE
Original cataloging agency UPAN
Transcribing agency Biblioteca San Vicente
Description conventions RCAA2
041 ## - LANGUAGE CODE
Language code of text/sound track or separate title spa
082 ## - DEWEY DECIMAL CLASSIFICATION NUMBER
Classification number 340.9
Item number M539c
100 ## - MAIN ENTRY--PERSONAL NAME
Personal name Mendoza Orantes, Ricardo
Relator code aut.
245 #0 - TITLE STATEMENT
Title Convenciones de derecho internacional privado./
Remainder of title Lic. Ricardo Mendoza Orantes
250 ## - EDITION STATEMENT
Edition statement 1° ed.
260 ## - PUBLICATION, DISTRIBUTION, ETC. (IMPRINT)
Place of publication, distribution, etc El Salvador:
Name of publisher, distributor, etc Juridica Salvadoreña,
Date of publication, distribution, etc 1995
300 ## - PHYSICAL DESCRIPTION
Extent 91 p.:
Dimensions 21 cm.
505 ## - FORMATTED CONTENTS NOTE
Formatted contents note 1. Convencion sobre Derecho Internacional Privado(Còdigo Bustamante) <br/>2. Protocolo sobre uniformidad del règimen legal de los poderes <br/>3. Convenciòn Interamericana sobre conflictos de leyes en materia de letras de cambio, pagares, facturas, <br/>4. Convenciòn Interamericana sobre règimen legal de poderes para ser utilizados en el extranjero <br/>5. Convenciòn Interamericana sobre exhortos o cartas rogatorias <br/>6. Convenciòn Interamericana sobre recepciòn de pruebas en el extranjero <br/>7. Convenciòn Interamericana sobre arbitraje comercial internacional <br/>8. Acuerdo del Ministerio de Relaciones Exteriores que aprueba las cinco convenciones Interamericanas y Decreto de la Junta Revolucionaria de Gobierno, ratificandolas en todas sus partes
520 ## - SUMMARY, ETC.
Summary, etc Incliye: Código bustamante-protocolo sobre uniformidad- del regimen legal- de los poderes y cinco convenciones interamericas.
650 ## - SUBJECT ADDED ENTRY--TOPICAL TERM
Source of heading or term LEMB
Topical term or geographic name as entry element Derecho
942 ## - ADDED ENTRY ELEMENTS (KOHA)
Koha item type Libros
Source of classification or shelving scheme Dewey Decimal Classification
Existencias
Withdrawn status Lost status Source of classification or shelving scheme Damaged status Not for loan Collection code Home library Current library Date acquired Total Checkouts Full call number Barcode Date last seen Price effective from Koha item type
    Dewey Decimal Classification     Colección General Biblioteca UPAN San Vicente Biblioteca UPAN San Vicente 25/04/2023   340.9 M539c 12000551 25/04/2023 25/04/2023 Libros
    Dewey Decimal Classification     Colección General Biblioteca UPAN San Vicente Biblioteca UPAN San Vicente 25/04/2023   340.9 M539c 12000980 26/04/2023 25/04/2023 Libros